000 00825nam a2200277Ia 4500
003 OSt
005 20221006160038.0
006 a|||||r|||| 00| 0
007 ta
008 221006b |||||||| |||| 00| 0 eng d
020 _a9788991913516
024 _a44,141
037 _bGift, Korean Embassy (Window of Korea)
_cTextual
040 _aEASL
_cEASL
_beng
041 _2eng
_aeng
082 _aNW495wN64, P8
100 _aKim Hyung-seok
_9671650
245 0 _akIM jee-woon
260 _aSeoul
_bSeoul Selection Korea
_c2008
300 _a176p.
_ccm.
490 _v KEL
_aKorean Films Directors
650 _aKEL
700 _a Mouat Colin Tr.
_9671651
942 _hNW495wN64, P8
_cTEXL
_2CC
999 _c1112233
_d1112233